• 首页
  • 本馆介绍
  • 公告通知
  • 最新文献
  • 馆藏检索
  • 电子资源
  • 读者导购
  • 参考咨询
  • 我的图书馆
  • 登录
  • 详细信息显示
  • 放入我的书架
  • 预约/预借图书
  • 作者相关作品
  • 分类相关作品
  • 丛书相关作品
  • 出版社相关作品

书目信息

  • 表格格式
  • 工作单格式
  • 卡片格式
题名:
函件创新之路
    
 
作者: 赵栓亮 著
分册:  
出版信息: 北京   经济日报出版社  2015
页数: 330页
开本: 25cm
丛书名:
单 册:
中图分类: F618
科图分类:
主题词: 邮政业务--研究
电子资源:
ISBN: 978-7-80257-722-0
000 00977nam0 2200241 450
001 338917
005 20150603152818.12
010    @a978-7-80257-722-0@b精装@dCNY88.00
100    @a20150506d2015 em y0chiy50 ea
101 0  @achi
102    @aCN@b110000
105    @aa z 000yy
106    @ar
200 1  @a函件创新之路@Ahan jian chuang xin zhi lu@f赵栓亮著
210    @a北京@c经济日报出版社@d2015
215    @a330页@c图@d25cm
300    @a学术之星文库
300    @a本书收录了作者在2006年5月到2013年5月为《直邮在线》(半月刊)每期撰写的卷首语。按不同时期,分为函件“百团大战”的序幕、函件三大重点业务战略、函件业务行业营销推广、函件业务发展的攻坚战、函件业务收入跨越10亿、函件业务转型发展、函件业务发展变革、函件业务突破发展等八篇,记录了作者对函件业务研究,对函件业务发展的观察和感悟,凝炼了邮政业务经营思想和方法。
606 0  @a邮政业务@x研究
690    @aF618@v5
701  0 @a赵栓亮@Azhao shuan liang@4著
801  0 @aCN@b卓展宏图@c20150525
905    @dF618@e5@f2
    
    函件创新之路/赵栓亮著.-北京:经济日报出版社,2015
    330页:图;25cm
    学术之星文库.-本书收录了作者在2006年5月到2013年5月为《直邮在线》(半月刊)每期撰写的卷首语。按不同时期,分为函件“百团大战”的序幕、函件三大重点业务战略、函件业务行业营销推广、函件业务发展的攻坚战、函件业务收入跨越10亿、函件业务转型发展、函件业务发展变革、函件业务突破发展等八篇,记录了作者对函件业务研究,对函件业务发展的观察和感悟,凝炼了邮政业务经营思想和方法。
    
    ISBN 978-7-80257-722-0(精装):CNY88.00
    
●
相关链接 在E读中查询图书 在五车中查询图书 在当当中查询图书 在豆瓣中查询图书


正题名:函件创新之路     索取号:F618/5         预约/预借

序号 登录号 条形码 馆藏地/架位号 状态 备注
1 861130   208611304   第一样本阅览室/ [索取号:F618/5] 在馆    
2 861131   208611313   第一借阅区/ [索取号:F618/5] 在馆    
唐山师范学院图书馆 欢迎您!
大连网信软件有限公司© 版权所有